Introducción al proyecto

Bibliographic Details
Main Author: Asimov, Morris
Format: Section = Libro
Language:Undetermined
Spanish
Published: México Centro Regional de Ayuda Técnica 1970
Subjects:
LEADER 00436nam a2200169Ia 4500
008 240829s9999 xx 000 0 und d
040 |a BIBLIOTECA-RUSB/ 620 A832 
041 |a spa 
082 |a 620 A832 
100 1 |a Asimov, Morris 
245 1 0 |a Introducción al proyecto 
260 |a México  |b Centro Regional de Ayuda Técnica  |c 1970 
300 |a 187 p. :il. 
650 7 |a PROYECTOS METODOS 
942 |c BK  |2 ddc 
991 |a TEXTO 
999 |c 2667